[Event "SR 2. liga A 2004/2005"]
[Site "?"]
[Date "2004.10.24"]
[Round "2.4"]
[White "Prielozny, Marek"]
[Black "Mandak, Miroslav"]
[Result "0-1"]
[WhiteElo "1990"]
[BlackElo "2051"]
[PlyCount "57"]
[EventDate "2004.??.??"]

1. d4 Nf6 2. c4 e6 3. Nf3 b6 4. a3 Bb7 5. Nc3 Be7 6. d5 d6 7. e4 O-O 8. Bd3 a5
9. O-O Nbd7 10. Ne1 Ne5 11. f4 Nxd3 12. Nxd3 exd5 13. cxd5 c5 14. Qf3 Qd7 15.
a4 Rad8 16. h3 Ba6 17. Bd2 Ne8 18. Ne2 f5 19. Bc3 fxe4 20. Qxe4 Nf6 21. Bxf6
Bxf6 22. f5 Rde8 23. Qf3 c4 24. Ndf4 Qxf5 25. Qa3 Qe5 26. Nc3 Qe3+ 27. Kh1 Bxc3
28. bxc3 Rxf4 29. Rfe1 0-1

[Event "SR 2. liga A 2004/2005"]
[Site "?"]
[Date "2004.10.24"]
[Round "2.4"]
[White "Stefan, Oldrich"]
[Black "Sarmir, Milos"]
[Result "1/2-1/2"]
[WhiteElo "2085"]
[BlackElo "2151"]
[PlyCount "64"]
[EventDate "2004.??.??"]

1. d4 Nf6 2. Nf3 e6 3. g3 d5 4. Bg2 Nbd7 5. O-O Bd6 6. Nc3 c6 7. e4 Nxe4 8.
Nxe4 dxe4 9. Ng5 Nf6 10. Nxe4 Nxe4 11. Bxe4 O-O 12. f4 Qc7 13. c3 Bd7 14. Qc2
h6 15. Be3 c5 16. Rad1 cxd4 17. Bxd4 Bc6 18. Rf2 Rad8 19. Rfd2 Bxe4 20. Qxe4
Bc5 21. Bxc5 Rxd2 22. Rxd2 Qxc5+ 23. Qd4 Qa5 24. a3 Rc8 25. Kf2 a6 26. Qd7 Qc5+
27. Qd4 Qh5 28. Qe3 Kh7 29. Qe4+ g6 30. Qxb7 Qc5+ 31. Kf3 Qh5+ 32. Kg2 e5
1/2-1/2

[Event "SR 2. liga A 2004/2005"]
[Site "?"]
[Date "2004.10.24"]
[Round "2.5"]
[White "Gajarsky, Roman"]
[Black "Farkas, Vladimir"]
[Result "1-0"]
[WhiteElo "2025"]
[BlackElo "2073"]
[PlyCount "63"]
[EventDate "2004.??.??"]

1. e4 d6 2. d4 g6 3. Nf3 Nf6 4. Nc3 Bg7 5. Bg5 h6 6. Be3 O-O 7. h3 c6 8. Qd2
Kh7 9. g4 Ne8 10. e5 dxe5 11. Nxe5 Bxe5 12. dxe5 Qxd2+ 13. Kxd2 Nc7 14. Bd3 b6
15. f4 Kg7 16. Rag1 Nba6 17. h4 Nb4 18. Be4 Ncd5 19. a3 Nxc3 20. Kxc3 Nd5+ 21.
Bxd5 cxd5 22. h5 Bb7 23. Rh3 Rac8+ 24. Kd2 Rc4 25. c3 Re4 26. hxg6 fxg6 27. f5
g5 28. e6 d4 29. Bxd4+ Rxd4+ 30. cxd4 Rd8 31. Ke3 Rc8 32. Rh2 1-0

[Event "SR 2. liga A 2004/2005"]
[Site "?"]
[Date "2004.10.24"]
[Round "2.5"]
[White "Kruppa, Dominik"]
[Black "Cambel, Vladimir"]
[Result "1-0"]
[WhiteElo "2032"]
[BlackElo "2039"]
[PlyCount "91"]
[EventDate "2004.??.??"]

1. e4 g6 2. d4 Bg7 3. Nc3 d6 4. f4 Nf6 5. Nf3 O-O 6. Bd3 Nbd7 7. O-O c5 8. d5
a6 9. a4 Rb8 10. a5 b5 11. axb6 Qxb6 12. Kh1 Re8 13. Bc4 Qa7 14. Qe1 Rb4 15.
Bb3 a5 16. e5 Ng4 17. h3 Ba6 18. Rxa5 Qb6 19. Rxa6 Qxa6 20. hxg4 dxe5 21. fxe5
Nxe5 22. Nxe5 Bxe5 23. Be3 Bd6 24. Qe2 Qxe2 25. Nxe2 c4 26. Bd2 cxb3 27. Bxb4
Bxb4 28. c3 Bc5 29. Rd1 Rb8 30. Nd4 Kg7 31. Nc6 Rb7 32. Ra1 Rc7 33. Ra5 Bd6 34.
c4 Rb7 35. c5 Bf4 36. Na7 Bc7 37. Ra6 Be5 38. c6 Rc7 39. Nb5 Rc8 40. Rb6 Bxb2
41. d6 exd6 42. c7 Ra8 43. Na7 Bd4 44. Rb8 Bxa7 45. Rxa8 b2 46. Rb8 1-0

[Event "SR 2. liga A 2004/2005"]
[Site "?"]
[Date "2004.10.24"]
[Round "2.5"]
[White "Petenyi, Tamas"]
[Black "Szitkey, Milan"]
[Result "1/2-1/2"]
[WhiteElo "2037"]
[BlackElo "2217"]
[PlyCount "26"]
[EventDate "2004.??.??"]

1. e4 e6 2. d4 d5 3. Nc3 Bb4 4. e5 c5 5. a3 cxd4 6. axb4 dxc3 7. bxc3 Qc7 8.
Nf3 Ne7 9. Bd3 Nd7 10. O-O Nxe5 11. Bf4 Nxf3+ 12. Qxf3 e5 13. Bb5+ Bd7 1/2-1/2

[Event "SR 2. liga A 2004/2005"]
[Site "?"]
[Date "2004.10.24"]
[Round "2.5"]
[White "Povysil, Peter"]
[Black "Tomanek, Rafael"]
[Result "1/2-1/2"]
[WhiteElo "2078"]
[BlackElo "1985"]
[PlyCount "55"]
[EventDate "2004.??.??"]

1. d4 d5 2. c4 e6 3. Nc3 Nf6 4. Bg5 Be7 5. e3 O-O 6. Nf3 Nbd7 7. Bd3 dxc4 8.
Bxc4 c5 9. O-O cxd4 10. Nxd4 h6 11. Bh4 Nb6 12. Bd3 Bd7 13. Bg3 Rc8 14. Qe2 Bb4
15. Ne4 Nbd5 16. a3 Be7 17. Nd6 Bxd6 18. Bxd6 Re8 19. Be5 Nh7 20. Nb5 Bxb5 21.
Bxb5 Re7 22. Rfd1 a6 23. Bc4 Rd7 24. e4 Nb6 25. Bb3 Nf8 26. Rxd7 Nfxd7 27. Rd1
Qe7 28. Bc3 1/2-1/2

[Event "SR 2. liga A 2004/2005"]
[Site "?"]
[Date "2004.10.24"]
[Round "2.5"]
[White "Rohackova, Veronika"]
[Black "Labar, Eduard"]
[Result "1-0"]
[WhiteElo "2056"]
[BlackElo "2068"]
[PlyCount "103"]
[EventDate "2004.??.??"]

1. e4 c6 2. c4 e5 3. Nc3 d6 4. Nf3 Nf6 5. h3 Be7 6. Be2 Nbd7 7. O-O Nc5 8. Qc2
Ne6 9. d3 O-O 10. Be3 c5 11. Nh2 Nd7 12. Nd5 Bg5 13. Bg4 Bxe3 14. fxe3 Nb6 15.
Rf2 f6 16. Nc3 Ng5 17. Qe2 Nf7 18. Nf1 Nh6 19. Bxc8 Qxc8 20. Ng3 Qd7 21. Raf1
Rf7 22. Qf3 Raf8 23. Nf5 Nxf5 24. exf5 Rd8 25. e4 Nc8 26. Qh5 a6 27. g4 Qe8 28.
Rg2 h6 29. h4 Rfd7 30. Qxe8+ Rxe8 31. g5 hxg5 32. hxg5 fxg5 33. Rxg5 Nb6 34.
Ne2 Rf8 35. Ng3 Rff7 36. Nh5 Kf8 37. Rf2 Nc8 38. f6 gxf6 39. Nxf6 Rxf6 40.
Rxf6+ Rf7 41. Rxf7+ Kxf7 42. Kf2 Ne7 43. Ke2 Nc6 44. Kd2 b6 45. Kc3 Nd4 46. Rg2
Nc6 47. a3 a5 48. Kb3 Ke6 49. Ka4 Nd4 50. Rg7 Nf3 51. Kb5 Ne1 52. Rg3 1-0

[Event "SR 2. liga A 2004/2005"]
[Site "?"]
[Date "2004.10.24"]
[Round "2.5"]
[White "Syrovy, Ivan"]
[Black "Kasanicky, Robert"]
[Result "1/2-1/2"]
[WhiteElo "2069"]
[BlackElo "2005"]
[PlyCount "52"]
[EventDate "2004.??.??"]

1. e4 e5 2. Nf3 Nc6 3. Bb5 a6 4. Ba4 Nf6 5. O-O Nxe4 6. d4 exd4 7. Re1 d5 8.
Nxd4 Bd6 9. g3 O-O 10. Nxc6 bxc6 11. Bxc6 Nxf2 12. Qxd5 Nh3+ 13. Kg2 Rb8 14.
Nc3 Rb6 15. Qf3 Ng5 16. Bxg5 Qxg5 17. Ne4 Qg6 18. Nxd6 Qxd6 19. Bd5 Be6 20. Bb3
Rxb3 21. Rxe6 Qxe6 22. Qxb3 Qc6+ 23. Kg1 Qc5+ 24. Kh1 Qc6+ 25. Kg1 Qc5+ 26. Kh1
Qc6+ 1/2-1/2

[Event "SR 2. liga A 2004/2005"]
[Site "?"]
[Date "2004.10.24"]
[Round "2.6"]
[White "Bilovsky, Milan"]
[Black "Nagy, Edmund"]
[Result "1/2-1/2"]
[WhiteElo "1875"]
[BlackElo "1984"]
[PlyCount "116"]
[EventDate "2004.??.??"]

1. c4 Nf6 2. d4 c5 3. d5 d6 4. Nc3 g6 5. e4 Bg7 6. Bd3 O-O 7. f4 Na6 8. a3 Nc7
9. Nf3 a6 10. O-O Rb8 11. e5 Nfe8 12. b4 cxb4 13. axb4 b5 14. cxb5 Nxb5 15.
Nxb5 axb5 16. Be3 dxe5 17. fxe5 Qxd5 18. Bc5 Qd7 19. Qe2 Nc7 20. Rad1 Qe8 21.
Nd4 Bd7 22. Ra1 Ne6 23. Nxe6 Bxe6 24. Ra7 Bd7 25. Rd1 Qc8 26. Bxg6 Bg4 27.
Bxh7+ Kh8 28. Qe4 Re8 29. Rf1 Qe6 30. h3 Bxh3 31. Qh4 Qh6 32. Qxh6 Bxh6 33.
Rxf7 Be6 34. Rfxe7 Rxe7 35. Rxe7 Bc4 36. Bd4 Bg7 37. Be4 Rd8 38. Bc3 Rf8 39.
Kh2 Rd8 40. e6 Bxc3 41. Rh7+ Kg8 42. e7 Be5+ 43. Kh3 Be6+ 44. g4 Rc8 45. Kh4
Bf7 46. Rh6 Re8 47. Bc6 Rxe7 48. Bxb5 Rb7 49. Bd3 Rxb4 50. Ra6 Kg7 51. Bf5 Bf6+
52. Kg3 Bg5 53. Be6 Bxe6 54. Rxe6 Rb3+ 55. Kg2 Bf6 56. Re4 Kg6 57. Kf2 Kg5 58.
Ke2 Rc3 1/2-1/2

[Event "SR 2. liga A 2004/2005"]
[Site "?"]
[Date "2004.10.24"]
[Round "2.6"]
[White "Breja, Stanislav"]
[Black "Pericka, Tomas"]
[Result "0-1"]
[WhiteElo "2131"]
[BlackElo "1930"]
[PlyCount "52"]
[EventDate "2004.??.??"]

1. e4 c5 2. c3 Nc6 3. d4 cxd4 4. cxd4 g6 5. Nc3 Bg7 6. Be3 d6 7. Qd2 Bd7 8. Nf3
Nf6 9. Be2 a6 10. d5 Ne5 11. Nxe5 dxe5 12. a4 b5 13. axb5 axb5 14. O-O O-O 15.
Bc5 Rb8 16. b4 Ne8 17. Ra5 Nd6 18. Bxd6 exd6 19. Nxb5 Bxb5 20. Bxb5 f5 21. Bd3
fxe4 22. Bxe4 Rf4 23. f3 Qb6+ 24. Qf2 Qxb4 25. Ra6 Bf6 26. Rb1 Qxb1+ 0-1

[Event "SR 2. liga A 2004/2005"]
[Site "?"]
[Date "2004.10.24"]
[Round "2.6"]
[White "Nicolini, Alexander"]
[Black "Farkas, Gabor"]
[Result "1/2-1/2"]
[WhiteElo "2120"]
[BlackElo "2072"]
[PlyCount "82"]
[EventDate "2004.??.??"]

1. e4 c5 2. Nf3 Nc6 3. c3 d5 4. exd5 Qxd5 5. d4 Nf6 6. Be2 cxd4 7. cxd4 e6 8.
O-O Be7 9. Nc3 Qd6 10. Nb5 Qd8 11. Ne5 O-O 12. Bf4 Nd5 13. Bg3 Bd7 14. Rc1 Nxe5
15. dxe5 Bxb5 16. Bxb5 Bg5 17. Rb1 Rc8 18. Qb3 Qc7 19. f4 Be7 20. f5 Bc5+ 21.
Kh1 Ne3 22. fxe6 Nxf1 23. exf7+ Rxf7 24. Rxf1 Kf8 25. e6 Rxf1+ 26. Bxf1 Qe7 27.
Bc4 Rd8 28. Qc2 Bb6 29. Be1 g6 30. Qe4 Qc5 31. e7+ Qxe7 32. Qf4+ Ke8 33. Bb5+
Rd7 34. Bb4 Bc5 35. Bxc5 Qxc5 36. Bxd7+ Kxd7 37. h3 Qd5 38. Qa4+ Qc6 39. Qd4+
Kc7 40. Qg7+ Qd7 41. Qe5+ Qd6 1/2-1/2

[Event "SR 2. liga A 2004/2005"]
[Site "?"]
[Date "2004.10.24"]
[Round "2.6"]
[White "Pobjecky, Jozef"]
[Black "Macko, Michal"]
[Result "0-1"]
[WhiteElo "1970"]
[BlackElo "2143"]
[PlyCount "108"]
[EventDate "2004.??.??"]

1. e4 c5 2. Nf3 Nc6 3. d4 cxd4 4. Nxd4 Nf6 5. Nc3 e5 6. Nf5 d5 7. exd5 Bxf5 8.
dxc6 bxc6 9. Be2 Qxd1+ 10. Bxd1 Bb4 11. Bd2 Rd8 12. a3 Bc5 13. Bg5 Bd4 14. Bxf6
gxf6 15. Na4 a5 16. c3 Ba7 17. b4 O-O 18. Be2 Rd7 19. Rd1 Rfd8 20. Rxd7 Rxd7
21. Nb2 axb4 22. axb4 Bb8 23. g4 Bg6 24. h4 h6 25. Rh3 e4 26. Nd1 Be5 27. f3 f5
28. h5 fxg4 29. fxg4 Bh7 30. c4 f5 31. gxf5 Bxf5 32. Ra3 Kf7 33. b5 cxb5 34.
cxb5 Rd6 35. Kf2 Kf6 36. Ne3 Bd4 37. Kg3 Kg5 38. Nxf5 Kxf5 39. Ra6 Bb6 40. Bg4+
Kg5 41. Be2 Rf6 42. Ra8 Bc7+ 43. Kg2 Kf4 44. Rg8 Ke3 45. Bc4 Rf2+ 46. Kg1 Rc2
47. Bf1 Rc5 48. Rg6 Rxh5 49. b6 Bh2+ 50. Kg2 Bf4 51. b7 Rh2+ 52. Kg1 Rb2 53.
Re6 Kf3 54. Bg2+ Rxg2+ 0-1

[Event "SR 2. liga A 2004/2005"]
[Site "?"]
[Date "2004.10.24"]
[Round "2.6"]
[White "Polasek, Filip"]
[Black "Slamena, Michal"]
[Result "1/2-1/2"]
[WhiteElo "2018"]
[BlackElo "2088"]
[PlyCount "89"]
[EventDate "2004.??.??"]

1. e4 e5 2. Nf3 Nc6 3. Nc3 Bc5 4. Bb5 d6 5. d4 exd4 6. Nxd4 Nge7 7. Nd5 Bxd4 8.
Qxd4 O-O 9. Qc3 f5 10. Bc4 Be6 11. Bg5 Bxd5 12. exd5 Ne5 13. O-O-O h6 14. Bxe7
Qxe7 15. f4 Ng4 16. Rde1 Qd7 17. Qf3 Rae8 18. Re6 Nf6 19. h3 Ne4 20. g4 Nc5 21.
Rg6 Qf7 22. gxf5 Qxf5 23. Rhg1 Re7 24. b4 Qxf4+ 25. Qxf4 Rxf4 26. bxc5 Rxc4 27.
cxd6 cxd6 28. Rxd6 Re2 29. Rd8+ Kh7 30. Rd7 Rcxc2+ 31. Kd1 Rcd2+ 32. Kc1 Rg2
33. Rxb7 Rxa2 34. Rxg2 Rxg2 35. Rxa7 Kg6 36. d6 Kf6 37. d7 Ke7 38. Kd1 Rg3 39.
Ke2 g5 40. Ra4 Rxh3 41. Rd4 Kd8 42. Kf2 h5 43. Rd5 g4 44. Kg2 h4 45. Rd4
1/2-1/2

[Event "SR 2. liga A 2004/2005"]
[Site "?"]
[Date "2004.10.24"]
[Round "2.6"]
[White "Priam, Stefan"]
[Black "Faltan, Peter"]
[Result "0-1"]
[WhiteElo "1802"]
[BlackElo "2109"]
[PlyCount "102"]
[EventDate "2004.??.??"]

1. d4 d5 2. c4 e6 3. Nf3 Nf6 4. Bg5 Be7 5. e3 O-O 6. Nc3 Nbd7 7. cxd5 Nxd5 8.
Bxe7 Qxe7 9. Rc1 N7f6 10. Bd3 c6 11. O-O Nd7 12. e4 Nxc3 13. bxc3 e5 14. Bb1 b6
15. d5 Qd6 16. c4 Re8 17. Qe2 Nc5 18. Rfd1 Bg4 19. h3 Bh5 20. Qe3 f6 21. Rd2
Nd7 22. Nh4 Bg6 23. Rcd1 c5 24. Nxg6 hxg6 25. Qg3 Kf7 26. Bd3 Rh8 27. Be2 f5
28. Qd3 Kf6 29. a4 Rh4 30. f3 a5 31. Qb1 Rb8 32. Bd3 f4 33. Qb5 Rc8 34. Rb1 Ke7
35. Rdb2 Rhh8 36. Bf1 g5 37. Kf2 Rh6 38. Qa6 Qc7 39. Qb5 Rd6 40. g3 fxg3+ 41.
Kxg3 Rf8 42. Rg2 Rg6 43. Be2 Nf6 44. Kh2 Nh5 45. Qb2 Nf4 46. Rg4 Rh8 47. Bf1
Kf7 48. Rd1 Qd8 49. Qf2 Rh5 50. Qg1 Rgh6 51. Rxg5 Rxh3+ 0-1

[Event "SR 2. liga A 2004/2005"]
[Site "?"]
[Date "2004.10.24"]
[Round "2.7"]
[White "Bukovcak, Jaroslav"]
[Black "Halasz, Michal"]
[Result "1/2-1/2"]
[WhiteElo "1854"]
[BlackElo "1884"]
[PlyCount "67"]
[EventDate "2004.??.??"]

1. e4 d6 2. d4 Nf6 3. Nc3 g6 4. h3 Bg7 5. Nf3 O-O 6. Be2 c6 7. O-O Nbd7 8. Be3
e5 9. dxe5 dxe5 10. Qd6 Ne8 11. Qd2 Qe7 12. Bh6 Nef6 13. Bxg7 Kxg7 14. a3 b6
15. Rfd1 Bb7 16. Qd6 Qxd6 17. Rxd6 Rfe8 18. Ne1 Nc5 19. f3 Rad8 20. Rad1 Rxd6
21. Rxd6 Ncd7 22. g4 g5 23. Ng2 Re6 24. Rxe6 fxe6 25. Kf2 Nf8 26. b4 Ng6 27.
Bf1 Nf4 28. Kg3 Nd7 29. h4 h6 30. hxg5 hxg5 31. Nd1 a6 32. Nf2 b5 33. Nh3 Kf6
34. Ne3 1/2-1/2

[Event "SR 2. liga A 2004/2005"]
[Site "?"]
[Date "2004.10.24"]
[Round "2.7"]
[White "Diviak, Rastislav"]
[Black "Hanes, Mojmir"]
[Result "0-1"]
[WhiteElo "1899"]
[BlackElo "2066"]
[PlyCount "66"]
[EventDate "2004.??.??"]

1. e4 e5 2. Nf3 Nc6 3. Bb5 a6 4. Ba4 d6 5. c3 f5 6. d4 fxe4 7. Ng5 d5 8. dxe5
Be7 9. h4 Nh6 10. Bb3 Nxe5 11. Qxd5 Qxd5 12. Bxd5 Nd3+ 13. Ke2 Bg4+ 14. f3
Nxc1+ 15. Rxc1 exf3+ 16. gxf3 O-O-O 17. Be4 Bf5 18. Bxf5+ Nxf5 19. Nf7 Rde8 20.
Kd3 Rhf8 21. Ng5 Nxh4 22. Rg1 Nxf3 23. Nxf3 Rxf3+ 24. Kc2 Rf2+ 25. Kb3 g5 26.
Na3 Bxa3 27. Kxa3 Rg8 28. Rh1 Rc2 29. Rae1 g4 30. Reg1 g3 31. Rh3 g2 32. Rh2
Rf2 33. Kb3 h5 0-1

[Event "SR 2. liga A 2004/2005"]
[Site "?"]
[Date "2004.10.24"]
[Round "2.7"]
[White "Fratric, Igor"]
[Black "Sefcik, Marek"]
[Result "1-0"]
[WhiteElo "1930"]
[BlackElo "1961"]
[PlyCount "74"]
[EventDate "2004.??.??"]

1. e4 e5 2. Nf3 Qe7 3. c3 Nf6 4. Qc2 d6 5. Be2 h6 6. d3 g5 7. h3 c6 8. Be3 Qc7
9. Nbd2 Be7 10. O-O-O Be6 11. Kb1 Nbd7 12. d4 O-O-O 13. dxe5 dxe5 14. Nc4 b5
15. Ncd2 Bc5 16. Bxc5 Nxc5 17. b4 Ncd7 18. c4 bxc4 19. Nxc4 Bxc4 20. Bxc4 Nb8
21. Rc1 Kb7 22. Rhe1 Qe7 23. Re3 Rc8 24. Qa4 Rc7 25. Qa5 Nfd7 26. b5 c5 27.
Bd5+ Kc8 28. Qc3 f6 29. a4 Nb6 30. Bb3 Rh7 31. a5 N6d7 32. Bd5 Kd8 33. Nd2 Ke8
34. h4 Kf8 35. Rh1 g4 36. h5 Kg7 37. Rh4 Kh8 1-0

[Event "SR 2. liga A 2004/2005"]
[Site "?"]
[Date "2004.10.24"]
[Round "2.7"]
[White "Machalova, Erika"]
[Black "Galan, Anton"]
[Result "0-1"]
[WhiteElo "2032"]
[BlackElo "1917"]
[PlyCount "78"]
[EventDate "2004.??.??"]

1. d4 c5 2. d5 e6 3. c4 d6 4. Nc3 a6 5. Nf3 Ne7 6. Bg5 Qb6 7. Qd2 h6 8. Bxe7
Bxe7 9. e3 e5 10. Be2 f5 11. Qc2 Nd7 12. Nd2 O-O 13. O-O Nf6 14. a3 Bd7 15. b4
Qc7 16. Rac1 g5 17. Nb3 Rfe8 18. bxc5 dxc5 19. Rb1 Bd8 20. Rb2 Rb8 21. a4 Qd6
22. a5 b5 23. axb6 Rxb6 24. Rfb1 Bc7 25. Nd2 Reb8 26. Rxb6 Rxb6 27. Rxb6 Qxb6
28. Bd1 Qb4 29. Na2 Qb6 30. Kf1 Kf7 31. Nc3 Qb4 32. Na2 Qb6 33. f3 Ke7 34. Qb3
Qa5 35. Nc3 Qa1 36. Ke2 Ba5 37. Ndb1 Bxc3 38. Nxc3 e4 39. Kd2 Kf7 0-1

[Event "SR 2. liga A 2004/2005"]
[Site "?"]
[Date "2004.10.24"]
[Round "2.7"]
[White "Peska, Juraj"]
[Black "Kassovic, Jaroslav"]
[Result "1/2-1/2"]
[WhiteElo "2018"]
[BlackElo "1995"]
[PlyCount "111"]
[EventDate "2004.??.??"]

1. c4 e5 2. Nc3 Nf6 3. g3 d5 4. cxd5 Nxd5 5. Bg2 Nb6 6. d3 Be7 7. Nf3 Nc6 8.
O-O O-O 9. Bd2 Be6 10. Qc1 f5 11. Ng5 Bc8 12. f4 Bxg5 13. fxg5 Nb4 14. a3 Nc6
15. Be3 Ne7 16. Bc5 Re8 17. Nb5 Nc6 18. Bxb6 cxb6 19. Bxc6 bxc6 20. Qxc6 Bd7
21. Qd5+ Kh8 22. Nd6 Be6 23. Qxe5 Re7 24. Nxf5 Bxf5 25. Qxf5 Rxe2 26. b4 Qd4+
27. Kh1 Rg8 28. Rae1 Rxe1 29. Rxe1 Qb2 30. Re4 Qxa3 31. Rh4 Qa1+ 32. Kg2 g6 33.
Qf6+ Qxf6 34. gxf6 Rd8 35. Rf4 Kg8 36. d4 Kf7 37. h4 Rd5 38. g4 h6 39. Kf3 g5
40. hxg5 hxg5 41. Re4 Kxf6 42. Ke3 Rb5 43. d5 Rxd5 44. Rc4 Ke5 45. Rc7 a5 46.
Rb7 Rd6 47. bxa5 bxa5 48. Ra7 Rd5 49. Ra6 Rb5 50. Rc6 a4 51. Ra6 Rb3+ 52. Kf2
Ra3 53. Rb6 Rb3 54. Ra6 a3 55. Ra4 Rb2+ 56. Ke3 1/2-1/2

[Event "SR 2. liga A 2004/2005"]
[Site "?"]
[Date "2004.10.24"]
[Round "2.7"]
[White "Varga, David"]
[Black "Doucha, Ludvik"]
[Result "1/2-1/2"]
[WhiteElo "2044"]
[BlackElo "2134"]
[PlyCount "177"]
[EventDate "2004.??.??"]

1. e4 e5 2. f4 Nc6 3. Nf3 f5 4. d3 d6 5. Nc3 Nf6 6. Be2 Be7 7. Be3 O-O 8. g3
Ng4 9. Qd2 Nxe3 10. Qxe3 exf4 11. gxf4 Bh4+ 12. Nxh4 Qxh4+ 13. Qg3 Qxg3+ 14.
hxg3 Nd4 15. Kd2 Nxe2 16. Kxe2 fxe4 17. dxe4 Bg4+ 18. Kd3 c6 19. Rh4 h5 20. b4
g5 21. Rxg4 hxg4 22. f5 d5 23. Rf1 dxe4+ 24. Nxe4 Rad8+ 25. Kc4 Rd5 26. f6 Kf7
27. b5 Rfd8 28. Nc3 cxb5+ 29. Nxb5 a6 30. Nc3 Re5 31. a4 b6 32. Na2 Rc5+ 33.
Kb3 Rd2 34. Nb4 Rg2 35. Nxa6 Rxg3+ 36. Kb2 Ra5 37. Nb4 Rf3 38. Rg1 g3 39. Nc6
Rc5 40. Nd4 Re3 41. Kc1 Kxf6 42. Kd2 Rec3 43. Ne2 Rxc2+ 44. Kd3 Rxe2 45. Kxe2
Rc2+ 46. Kf3 g2 47. Kg3 Kf5 48. Kh2 Rb2 49. Rc1 Kf4 50. Rc8 Rb4 51. Rc3 Rxa4
52. Rb3 Ra6 53. Kxg2 Ke4 54. Rb5 Kd4 55. Rxg5 Ra7 56. Kf2 Kc3 57. Ke2 Kc2 58.
Ke3 Kc3 59. Ke2 Rd7 60. Rh5 Rd6 61. Rg5 Kc4 62. Rg1 Kc3 63. Rg5 Kc2 64. Ke3 Kc3
65. Ke2 Rd2+ 66. Ke1 Rd6 67. Ke2 Rd2+ 68. Ke1 Rd6 69. Ke2 Kc4 70. Rg1 b5 71.
Rc1+ Kb3 72. Rb1+ Kc4 73. Rc1+ Kb4 74. Rb1+ Ka5 75. Ra1+ Kb6 76. Rb1 Rd4 77.
Ke3 Rc4 78. Kd3 Kc5 79. Rh1 Kb4 80. Rb1+ Ka5 81. Ra1+ Ra4 82. Rh1 Ra2 83. Kc3
Ka4 84. Rh4+ Ka3 85. Rb4 Rc2+ 86. Kxc2 Kxb4 87. Kb2 Kc4 88. Kc2 b4 89. Kb2
1/2-1/2

[Event "SR 2. liga A 2004/2005"]
[Site "?"]
[Date "2004.10.24"]
[Round "2.8"]
[White "Hoferek, Peter"]
[Black "Kleman, Miroslav"]
[Result "0-1"]
[WhiteElo "1943"]
[BlackElo "2142"]
[PlyCount "94"]
[EventDate "2004.??.??"]

1. e4 e5 2. Nf3 Nc6 3. Bb5 a6 4. Bxc6 bxc6 5. Nxe5 Qg5 6. d4 Qxg2 7. Qf3 Qxf3
8. Nxf3 Bb7 9. c4 Bb4+ 10. Bd2 a5 11. Nc3 Nf6 12. e5 Bxc3 13. bxc3 Ne4 14. Rg1
g6 15. Ng5 Nxd2 16. Kxd2 Ba6 17. c5 h6 18. Ne4 Bc4 19. a3 a4 20. Nf6+ Ke7 21.
h4 Rab8 22. Rab1 Rb3 23. Rxb3 axb3 24. Kc1 Rb8 25. Kb2 Ke6 26. Ng4 Ke7 27. Ne3
Bd3 28. c4 f6 29. exf6+ Kxf6 30. Ng4+ Kg7 31. Ne5 Bc2 32. h5 Rf8 33. f3 g5 34.
Rf1 Rf4 35. Kc3 Bf5 36. a4 b2 37. Kxb2 Rxd4 38. Kc3 Rf4 39. Rg1 Be6 40. a5 d6
41. Nxc6 Rxc4+ 42. Kd3 Rxc5 43. Nd4 Bc4+ 44. Kc3 Bf7+ 45. Kb4 Rc4+ 46. Kb5 Rxd4
47. Rc1 c5 0-1

[Event "SR 2. liga A 2004/2005"]
[Site "?"]
[Date "2004.10.24"]
[Round "2.8"]
[White "Holiencin, Filip"]
[Black "Jurcak, Marian"]
[Result "0-1"]
[WhiteElo "1592"]
[BlackElo "1879"]
[PlyCount "88"]
[EventDate "2004.??.??"]

1. c4 e6 2. Nc3 d5 3. cxd5 exd5 4. d4 b6 5. g3 Nf6 6. Bg2 Bb7 7. Nf3 Nbd7 8. e3
Bd6 9. O-O O-O 10. a3 c5 11. b3 Rc8 12. Bb2 Ne4 13. Rc1 f5 14. Re1 Ndf6 15.
Nxe4 fxe4 16. Nd2 Qd7 17. f4 exf3 18. Bxf3 Rce8 19. Qe2 cxd4 20. Bxd4 Bxa3 21.
Ra1 Qe7 22. Ra2 Bc8 23. Rea1 Bc5 24. Rxa7 Qd6 25. Bxc5 Qxc5 26. Re1 b5 27. Ra5
Bd7 28. Kg2 Qc3 29. Ra7 b4 30. Rxd7 Nxd7 31. Bxd5+ Kh8 32. e4 Ne5 33. Qe3 Nd3
34. Re2 Nc1 35. Re1 Qc2 36. Kg1 Nd3 37. Re2 Ne5 38. Rf2 Rxf2 39. Qxf2 Nd3 40.
Qe3 Qd1+ 41. Kg2 Ne1+ 42. Kh1 Nc2+ 43. Qg1 Qxd2 44. Qf1 Ne3 0-1

[Event "SR 2. liga A 2004/2005"]
[Site "?"]
[Date "2004.10.24"]
[Round "2.8"]
[White "Isa, Vlastimil"]
[Black "Skapik, Branislav"]
[Result "0-1"]
[WhiteElo "1986"]
[BlackElo "1769"]
[PlyCount "114"]
[EventDate "2004.??.??"]

1. e4 e5 2. Nf3 Nc6 3. Bb5 a6 4. Ba4 Nf6 5. O-O b5 6. Bb3 Be7 7. Re1 d6 8. c3
O-O 9. h3 Na5 10. Bc2 c5 11. d3 Re8 12. Nbd2 Bf8 13. Nf1 Nc6 14. Bg5 Be7 15.
Ng3 h6 16. Bc1 a5 17. a3 Be6 18. Nh2 Qb6 19. Ng4 a4 20. Ne3 Na5 21. Nef5 Bb3
22. Nxe7+ Rxe7 23. Nf5 Ree8 24. Be3 d5 25. exd5 Nxd5 26. Qg4 Qg6 27. Rac1 Qxg4
28. hxg4 Nxe3 29. Rxe3 Rad8 30. Bb1 f6 31. d4 Nc4 32. Ree1 cxd4 33. cxd4 Nxb2
34. dxe5 Rxe5 35. Ne7+ Kf7 36. Rxe5 fxe5 37. Nc6 Rd1+ 38. Rxd1 Bxd1 39. Nxe5+
Ke6 40. f4 Nc4 41. Nxc4 bxc4 42. Bf5+ Kf6 43. Kf2 c3 44. Ke1 c2 45. Kd2 h5 46.
Bxc2 Bxc2 47. Kxc2 hxg4 48. g3 Ke6 49. Kc3 Kd5 50. Kb4 Ke4 51. Kxa4 Kf3 52. Kb4
Kxg3 53. a4 Kxf4 54. a5 g3 55. a6 g2 56. a7 g1=Q 57. a8=Q Qd4+ 0-1

[Event "SR 2. liga A 2004/2005"]
[Site "?"]
[Date "2004.10.24"]
[Round "2.8"]
[White "Jelenciak, Jozef"]
[Black "Hertel, Ondrej"]
[Result "1/2-1/2"]
[WhiteElo "1907"]
[BlackElo "1911"]
[PlyCount "62"]
[EventDate "2004.??.??"]

1. e4 c6 2. d4 d5 3. e5 Bf5 4. f4 e6 5. Nf3 h6 6. Nc3 Nd7 7. Ne2 Ne7 8. Ng3 Qc7
9. b4 Bh7 10. c3 a6 11. Bd3 Bxd3 12. Qxd3 g6 13. a4 b5 14. a5 O-O-O 15. Be3 Nf5
16. Ne2 h5 17. Bf2 Be7 18. Kd2 Rdg8 19. Ng5 Rf8 20. Ng1 Qd8 21. N1f3 Qe8 22.
Rae1 Rfg8 23. g3 Nf8 24. h3 Nh7 25. h4 Nxg5 26. fxg5 Rh7 27. Re2 Bf8 28. Rf1
Be7 29. Ne1 Qd7 30. Ng2 Rgg7 31. Be1 Bd8 1/2-1/2

[Event "SR 2. liga A 2004/2005"]
[Site "?"]
[Date "2004.10.24"]
[Round "2.8"]
[White "Kysel, Jozef"]
[Black "Soltes, Milan"]
[Result "1-0"]
[WhiteElo "1918"]
[BlackElo "1654"]
[PlyCount "111"]
[EventDate "2004.??.??"]

1. e4 e5 2. Nf3 d6 3. d4 exd4 4. Nxd4 g6 5. Nc3 Bg7 6. Be3 Nf6 7. h3 O-O 8. Bd3
Nc6 9. O-O Nxd4 10. Bxd4 Be6 11. Ne2 c5 12. Bxf6 Bxf6 13. c3 Qb6 14. b3 Rad8
15. Qc2 Be5 16. Kh1 f5 17. f4 Bg7 18. exf5 Bxf5 19. Bxf5 Rxf5 20. Ng3 Rf7 21.
Rf3 d5 22. Raf1 Rdf8 23. c4 d4 24. Qd3 Qc6 25. Ne2 b6 26. Kg1 Bh6 27. g3 Qe6
28. Kh2 Qf5 29. Qxf5 gxf5 30. Nc1 Re7 31. Nd3 Bg7 32. g4 Kh8 33. Kg3 Rfe8 34.
g5 Re3 35. h4 Kg8 36. Kg2 Kf7 37. Ne5+ Ke6 38. Rxe3 dxe3 39. Re1 Bxe5 40. Rxe3
Kd6 41. Kf3 Re6 42. fxe5+ Rxe5 43. Rd3+ Ke6 44. Rd8 Re4 45. Re8+ Kf7 46. Rxe4
fxe4+ 47. Kxe4 Kg6 48. Kf4 Kh5 49. Kg3 h6 50. Kf4 hxg5+ 51. hxg5 Kg6 52. Kg4 a6
53. Kf4 a5 54. a3 Kf7 55. Ke5 Kg6 56. Kd6 1-0

[Event "SR 2. liga A 2004/2005"]
[Site "?"]
[Date "2004.10.24"]
[Round "2.8"]
[White "Mosny, Jaroslav"]
[Black "Kolesar, Rastislav"]
[Result "1/2-1/2"]
[WhiteElo "2046"]
[BlackElo "1858"]
[PlyCount "45"]
[EventDate "2004.??.??"]

1. d4 d5 2. Nf3 e6 3. c4 Nf6 4. Nc3 c6 5. Bg5 Be7 6. e3 O-O 7. Bd3 dxc4 8. Bxc4
Nbd7 9. O-O c5 10. Qe2 cxd4 11. Nxd4 Ne5 12. Bb3 Ne4 13. Nxe4 Bxg5 14. Nxg5
Qxg5 15. f4 Qf6 16. fxe5 Qxe5 17. Nf3 Qd6 18. Qd2 Qe7 19. Rad1 b6 20. Qd6 Qf6
21. Qe5 Qe7 22. Bc2 h6 23. Qe4 1/2-1/2

[Event "SR 2. liga A 2004/2005"]
[Site "?"]
[Date "2004.11.20"]
[Round "3.1"]
[White "Chovanec, Vladimir"]
[Black "Felcir, Jaroslav"]
[Result "1-0"]
[WhiteElo "2077"]
[BlackElo "2208"]
[PlyCount "78"]
[EventDate "2004.??.??"]

1. Nf3 d5 2. g3 g6 3. Bg2 Bg7 4. O-O e5 5. d3 Ne7 6. Nbd2 O-O 7. e4 c5 8. exd5
Nxd5 9. Re1 Nc6 10. Nc4 Re8 11. a4 b6 12. c3 Bf5 13. Ng5 Qd7 14. Ne4 Bh3 15.
Ned6 Bxg2 16. Nxe8 Rxe8 17. Kxg2 f5 18. Qf3 h6 19. h3 Rd8 20. Bd2 Kh7 21. Rad1
Rf8 22. Bc1 Re8 23. Re2 e4 24. dxe4 Nf4+ 25. Bxf4 Qxd1 26. Ne3 fxe4 27. Nxd1
exf3+ 28. Kxf3 Rxe2 29. Kxe2 g5 30. Bd6 Kg6 31. g4 Be5 32. Bxe5 Nxe5 33. b3 Kf6
34. Nb2 Nc6 35. Nc4 Ke6 36. Kd3 Ne7 37. Ne3 Ke5 38. Kc4 Ng6 39. Nd5 Kd6 1-0